| 000 | 00977nam a2200241 a 4500 | ||
|---|---|---|---|
| 001 | 40332 | ||
| 003 | BD-RjUL | ||
| 005 | 20211209053208.0 | ||
| 008 | 160428s1962 ii ||||| |||| 00| 0 ben d | ||
| 020 | _c: IRs 10.00 | ||
| 035 | _a(BD-RjUL)40447 | ||
| 040 |
_aBD-RjUL _bben _cBD-RjUL |
||
| 041 | _aben | ||
| 082 |
_223 _a891.4408 _bDUR 1962 |
||
| 100 |
_aদত্ত, রমেশচন্দ্র _9124254 |
||
| 245 | 1 | 0 |
_aরমেশ-রচনাসম্ভার / _cরমেশচন্দ্র দত্ত ; শ্রীপ্রমথনাথ বিশী সম্পাদিত |
| 260 |
_aকলিকাতা : _bমিত্র ও ঘোষ, _c১৯৬২ |
||
| 300 |
_a[১৮], ৬০৩ পৃ. ; _c২১ সেমি. |
||
| 650 |
_aবাংলা সাহিত্য _9124255 |
||
| 650 |
_aBengali Literature _9124256 |
||
| 700 |
_aবিশী, শ্রীপ্রমথনাথ, সম্পাদক _9123688 |
||
| 942 |
_2ddc _cBK |
||
| 999 |
_c40332 _d40332 |
||